Dying to live : (Record no. 4272)

MARC details
000 -LEADER
fixed length control field 01050cam a2200277 a 4500
001 - CONTROL NUMBER
control field 3558720
003 - CONTROL NUMBER IDENTIFIER
control field OSt
005 - DATE AND TIME OF LATEST TRANSACTION
control field 20160606153043.0
008 - FIXED-LENGTH DATA ELEMENTS--GENERAL INFORMATION
fixed length control field 980317s1998 enka 001 0 eng
010 ## - LIBRARY OF CONGRESS CONTROL NUMBER
LC control number 98003646
020 ## - INTERNATIONAL STANDARD BOOK NUMBER
International Standard Book Number 0521584795 (hb)
040 ## - CATALOGING SOURCE
Original cataloging agency DLC
Transcribing agency DLC
Modifying agency DLC
050 00 - LIBRARY OF CONGRESS CALL NUMBER
Classification number QR181.7
Item number .K46 1998
082 00 - DEWEY DECIMAL CLASSIFICATION NUMBER
Classification number QW 504
Item number K335d 1998
100 1# - MAIN ENTRY--PERSONAL NAME
Personal name Kendall, Marion D.
9 (RLIN) 9213
245 10 - TITLE STATEMENT
Title Dying to live :
Remainder of title how our bodies fight disease /
Statement of responsibility, etc. Marion Kendall.
260 ## - PUBLICATION, DISTRIBUTION, ETC. (IMPRINT)
Place of publication, distribution, etc. Cambridge ;
-- New York :
Name of publisher, distributor, etc. Cambridge University Press,
Date of publication, distribution, etc. 1998.
300 ## - PHYSICAL DESCRIPTION
Extent xi, 196 p. :
Other physical details ill. ;
Dimensions 24 cm.
500 ## - GENERAL NOTE
General note Includes index.
650 #0 - SUBJECT ADDED ENTRY--TOPICAL TERM
Topical term or geographic name as entry element Immune system
General subdivision Popular works.
9 (RLIN) 9214
856 42 - ELECTRONIC LOCATION AND ACCESS
Materials specified Publisher description
Uniform Resource Identifier http://www.loc.gov/catdir/description/cam029/98003646.html
856 41 - ELECTRONIC LOCATION AND ACCESS
Materials specified Table of contents
Uniform Resource Identifier http://www.loc.gov/catdir/toc/cam026/98003646.html
906 ## - LOCAL DATA ELEMENT F, LDF (RLIN)
a 7
b cbc
c orignew
d 1
e ocip
f 19
g y-gencatlg
942 ## - ADDED ENTRY ELEMENTS (KOHA)
Source of classification or shelving scheme Dewey Decimal Classification
Koha item type Open Shelf
Holdings
Withdrawn status Lost status Source of classification or shelving scheme Damaged status Not for loan Home library Current library Date acquired Inventory number Total Checkouts Full call number Barcode Date last seen Price effective from Koha item type
    Dewey Decimal Classification     MUST Main Library MUST Main Library 06/06/2016 2001/15618   QW 504 K335d 1998 2016-2305 06/06/2016 06/06/2016 Open Shelf